| 000 | 00938nam a22002297a 4500 | ||
|---|---|---|---|
| 003 | PE SENCICO BE | ||
| 005 | 20251020182706.0 | ||
| 008 | 240223b |||||||| |||| 00| 0 eng d | ||
| 040 |
_aPE SENCICO BE _cPE SENCICO BE |
||
| 084 |
_aI _aDIS _a2014 _bD19 |
||
| 100 | 1 |
_91977 _aDavila Urdanivia, Milagros _eautor |
|
| 245 | 1 |
_aCafetería Dolce Capriccio / _cMilagros Davila Urdanivia |
|
| 260 |
_aLima : _c2014 |
||
| 300 |
_a[10] h. : _bil. col., plans. ; _c30 cm. |
||
| 502 | _aMonografía de Titulación.-- Servicio Nacional de Capacitación para la Industria de la Construcción. Escuela Superior Técnica. Carrera Profesional Técnica en Diseño de Interiores, 2014 | ||
| 650 | 1 | 0 |
_9615 _aPlanos |
| 650 | 2 | 0 |
_929 _aCafeterías |
| 650 | 2 | 0 |
_944 _aDiseño de interiores |
| 710 | 1 |
_aServicio Nacional de Capacitación para la Industria de la Construcción. _bEscuela Superior Técnica _91065 |
|
| 910 |
_bhfp _chfp |
||
| 942 |
_cMON _2ddc |
||
| 999 |
_c4959 _d4959 |
||